书目信息 |
| 题名: |
概率论与数理统计讲义
|
|
| 作者: | 姚孟臣 编著 | |
| 分册: | ||
| 出版信息: | 北京 机械工业出版社 2005.03 |
|
| 页数: | vi, 286页 | |
| 开本: | 24cm | |
| 丛书名: | 考试名家指导 | |
| 单 册: | ||
| 中图分类: | O21-42 | |
| 科图分类: | ||
| 主题词: | 数理统计--shu li tong ji--研究生--入学考试--升学参考资料 , 概率论--gai lu lun--研究生--入学考试--升学参考资料 | |
| 电子资源: | ||
| ISBN: | 7-111-16287-0 | |
| 000 | 01307nam 2200301 450 | |
| 001 | 012006858889 | |
| 005 | 20060305123202.40 | |
| 010 | @a7-111-16287-0@dCNY24.00 | |
| 100 | @a20060303d2005 km y0chiy0120 ea | |
| 101 | 0 | @achi |
| 102 | @aCN@b110000 | |
| 105 | @aa z 000yy | |
| 200 | 1 | @a概率论与数理统计讲义@Agai lu lun yu shu li tong ji jiang yi@e基础篇@f姚孟臣编著@Fyao meng chen bian zhu |
| 210 | @a北京@c机械工业出版社@d2005.03 | |
| 215 | @avi, 286页@c图@d24cm | |
| 225 | 2 | @a考试名家指导@Akao shi ming jia zhi dao@i考研辅导教材系列 |
| 314 | @a姚孟臣,北京大学数学科学学院教授,全国著名的考研辅导专家,现任北京大学文科高等数学课程主持人。主编《概率论与数理统计》、《概率论与数理统计复习指导》等。 | |
| 330 | @a本书是工学类、经济和管理学类硕士生入学考试科目“概率论与数理统计”复习指导书。全书共分8章,内容包括:随机事件和概率、随机变量及其分布、多维随机变量及其分布等。 | |
| 333 | @a硕士研究生、本、专科学生。 | |
| 410 | 0 | @12001 @a考试名家指导 |
| 410 | 0 | @12001 @a考研辅导教材系列 |
| 517 | 1 | @a基础篇@Aji chu pian |
| 606 | 0 | @a数理统计@Ashu li tong ji@x研究生@x入学考试@j升学参考资料 |
| 606 | 0 | @a概率论@Agai lu lun@x研究生@x入学考试@j升学参考资料 |
| 690 | @aO21-42@v4 | |
| 701 | 0 | @a姚孟臣@Ayao meng chen@4编著 |
| 801 | 0 | @aCN@bQSSK@c20060305 |
| 905 | @a10447@dO21-42@eY360 | |
| 概率论与数理统计讲义:基础篇/姚孟臣编著.-北京:机械工业出版社,2005.03 |
| vi, 286页:图;24cm.-(考试名家指导.考研辅导教材系列) |
| 使用对象:硕士研究生、本、专科学生。 |
| ISBN 7-111-16287-0:CNY24.00 |
| 本书是工学类、经济和管理学类硕士生入学考试科目“概率论与数理统计”复习指导书。全书共分8章,内容包括:随机事件和概率、随机变量及其分布、多维随机变量及其分布等。 |
| ● |
| 相关链接 |
|
|
|
正题名:概率论与数理统计讲义
索取号:O21-42/Y360
 
预约/预借
| 序号 | 登录号 | 条形码 | 馆藏地/架位号 | 状态 | 备注 |
| 1 | 554330 | 205543303 | 自科库401/401自科库 47排2列3层/ [索取号:O21-42/Y360] | 在馆 | |
| 2 | 554331 | 205543312 | 自科库401/401自科库 47排2列3层/ [索取号:O21-42/Y360] | 在馆 | |
| 3 | 554332 | 205543321 | 自科库401/401自科库 47排2列3层/ [索取号:O21-42/Y360] | 在馆 | |
| 4 | 601693 | 206016933 | 自科库401/401自科库 46排7列5层/ [索取号:O21-42/Y360] | 在馆 | |
| 5 | 601694 | 206016942 | 自科库401/ [索取号:O21-42/Y360] | 在馆 | |
| 6 | 601695 | 206016951 | 自科库401/401自科库 46排7列5层/ [索取号:O21-42/Y360] | 在馆 |